Teoría Microeconómica (Registro nro. 4380)
[ vista simple ]
| 000 -LEADER | |
|---|---|
| fixed length control field | 01241 a2200241 4500 |
| 001 - CONTROL NUMBER | |
| control field | 47483 |
| 005 - DATE AND TIME OF LATEST TRANSACTION | |
| control field | 20260407155741.0 |
| 008 - FIXED-LENGTH DATA ELEMENTS--GENERAL INFORMATION | |
| fixed length control field | 260407a1995 arg spa d |
| 003 - CONTROL NUMBER IDENTIFIER | |
| control field | AR-UNSa-BCEJYS |
| 040 ## - CATALOGING SOURCE | |
| Original cataloging agency | AR-UNSa-BCEJYS |
| Language of cataloging | spa |
| Transcribing agency | AR-UNSa-BCEJYS |
| 080 ## - UNIVERSAL DECIMAL CLASSIFICATION NUMBER | |
| Universal Decimal Classification number | 330.101.542 |
| Common auxiliary subdivision | Microeconomía |
| 020 ## - INTERNATIONAL STANDARD BOOK NUMBER | |
| International Standard Book Number | 978-84-344-2004-5 |
| 100 1# - MAIN ENTRY--PERSONAL NAME | |
| Personal name | Henderson, James M. |
| 245 10 - TITLE STATEMENT | |
| Title | Teoría Microeconómica |
| Name of part/section of a work | tercera edición ampliada y puesta al día |
| 250 ## - EDITION STATEMENT | |
| Edition statement | 3a. ed. |
| 264 #1 - PRODUCTION, PUBLICATION, DISTRIBUTION, MANUFACTURE, AND COPYRIGHT NOTICE | |
| Place of production, publication, distribution, manufacture | Barcelona : |
| Name of producer, publisher, distributor, manufacturer | Ediciones Ariel |
| Date of production, publication, distribution, manufacture, or copyright notice | 1995 |
| 300 ## - PHYSICAL DESCRIPTION | |
| Extent | 534 p. |
| Dimensions | 22 cm. |
| 505 ## - FORMATTED CONTENTS NOTE | |
| Formatted contents note | 1. Introducción - 2. La teoría de la conducta del consumidor - 3. Temas sobre la teoría de la conducta del consumidor - 4. La teoría de la empresa - 5. Temas sobre la teoría de la empresa - 6. El equilibrio del mercado - 7. Monopolio, monopsonio y competencia monopolística - 8. Duopolio, oligopolio y monopolio bilateral - 9. El equilibrio del multimercado - 10. Temas sobre el equilibrio del multimercado - 11. La economía del bienestar - 12. Optimización temporal. |
| 590 ## - LOCAL NOTE (RLIN) | |
| Local note | niveau_biblio:m niveau_hierar:0 |
| 700 1# - ADDED ENTRY--PERSONAL NAME | |
| Personal name | Quandt, Richard E. |
| 856 41 - ELECTRONIC LOCATION AND ACCESS | |
| Uniform Resource Identifier | <a href="https://www.biblioeco.unsa.edu.ar/pmb/images/libros/L127524.jpg">https://www.biblioeco.unsa.edu.ar/pmb/images/libros/L127524.jpg</a> |
| Link text | Imagen de portada |
| Electronic format type | image/jpeg |
| 942 ## - ADDED ENTRY ELEMENTS (KOHA) | |
| Koha item type | |
| Withdrawn status | Lost status | Damaged status | Not for loan | Home library | Current library | Shelving location | Date acquired | Total checkouts | Full call number | Barcode | Date last seen | Price effective from | Koha item type |
|---|---|---|---|---|---|---|---|---|---|---|---|---|---|
| Biblioteca Prof. Eusebio Cleto del Rey | Biblioteca Prof. Eusebio Cleto del Rey | 07/04/2026 | 330.101.542 H495 3ed. | L127524 | 07/04/2026 | 07/04/2026 | Libro |